[Event "XIII American Continental"]
[Site "Montevideo URU"]
[Date "2018.06.03"]
[Round "3"]
[White "Lanaro, Emilio"]
[Black "Araujo, Daniel"]
[Result "1-0"]
[WhiteElo "1760"]
[BlackElo "1529"]
[EventDate "2018.06.01"]
[PlyCount "75"]

1.e4 e5 2.Nf3 Nc6 3.Bb5 a6 4.Ba4 Nf6 5.d3 Be7 6.O-O O-O 7.Re1 d6 8.c3 Bg4 
9.Bxc6 bxc6 10.h3 Bd7 11.Nbd2 Re8 12.Nf1 Bf8 13.Ng3 g6 14.Be3 c5 15.c4 a5 
16.Qd2 c6 17.Nh2 Be6 18.f4 exf4 19.Bxf4 Nd7 20.Re2 Ne5 21.Rf1 Bg7 22.Bg5 
Qd7 23.Ref2 d5 24.b3 a4 25.Ne2 dxe4 26.dxe4 Qxd2 27.Bxd2 Nd3 28.Rf3 Ne5 
29.R3f2 Nd3 30.Rf3 Rad8 31.Nf4 Bd4+ 32.Kh1 Nf2+ 33.R3xf2 Bxf2 34.Rxf2 Bc8 
35.Ng4 Rd6 36.e5 Rxd2 37.Nf6+ Kf8 38.Rxd2 1-0

[Event "XIII American Continental"]
[Site "Montevideo URU"]
[Date "2018.06.03"]
[Round "3"]
[White "Stetsenko, Ilya"]
[Black "Areco, Antonio"]
[Result "1-0"]
[WhiteElo "1461"]
[BlackElo "1746"]
[EventDate "2018.06.01"]
[PlyCount "40"]

1.d4 Nf6 2.Nf3 d5 3.c4 dxc4 4.Nc3 g6 5.e4 Bg7 6.Bxc4 O-O 7.O-O a6 8.a4 c6 
9.h3 Nbd7 10.a5 Qc7 11.Be3 e5 12.dxe5 Nxe5 13.Nxe5 Qxe5 14.f4 Qe7 15.e5 
Bf5 16.Qd6 Qxd6 17.exd6 Rfd8 18.Rad1 Ne8 19.Bc5 Bf8 20.g4 Be6 1-0

[Event "XIII American Continental"]
[Site "Montevideo URU"]
[Date "2018.06.03"]
[Round "3"]
[White "Palmieri, Daniel"]
[Black "Ribeiro, Gilnei Guedes"]
[Result "1-0"]
[WhiteElo "1746"]
[BlackElo "1445"]
[EventDate "2018.06.01"]
[PlyCount "67"]

1.d4 Nf6 2.Bf4 e6 3.e3 d5 4.c3 Bd6 5.Nf3 c5 6.Ne5 b6 7.Nd2 Bb7 8.Bb5+ Nbd7
9.Nxf7 Kxf7 10.Bxd6 Re8 11.O-O Kg8 12.Nf3 a6 13.Ba4 Ne4 14.Bf4 Re7 15.Bxd7
Qxd7 16.Ne5 Qe8 17.f3 Nf6 18.Re1 Nd7 19.Bg5 Nf6 20.Qb3 Qd8 21.a4 c4 22.Qc2
Qe8 23.b3 b5 24.axb5 axb5 25.bxc4 bxc4 26.Qb2 Bc6 27.Rxa8 Bxa8 28.Ra1 Rb7 
29.Qa3 Rb8 30.Qa7 Bb7 31.Rb1 Qc8 32.g4 Qc7 33.Bf4 Qc8 34.Nc6 1-0

[Event "XIII American Continental"]
[Site "Montevideo URU"]
[Date "2018.06.03"]
[Round "3"]
[White "Macias Araya, Javier"]
[Black "Malan, Lucia"]
[Result "0-1"]
[WhiteElo "1378"]
[BlackElo "1733"]
[EventDate "2018.06.01"]
[PlyCount "58"]

1.e4 c5 2.Nf3 d6 3.c3 Nf6 4.g3 Nc6 5.d3 Bg4 6.Bg2 Ne5 7.Nbd2 Nxd3+ 8.Kf1 
g6 9.Qa4+ Qd7 10.Qc4 Nxc1 11.Rxc1 Be6 12.Qd3 Bh6 13.b3 O-O 14.h4 d5 15.e5 
Ne4 16.Ng5 Nxd2+ 17.Qxd2 f6 18.f4 fxg5 19.hxg5 Bg7 20.Bf3 Rf7 21.Qh2 Bxe5 
22.fxe5 Rxf3+ 23.Kg2 Rf7 24.Rcf1 Raf8 25.Rf4 d4 26.c4 Bg4 27.Qh6 Bh5 28.
Rxh5 gxh5 29.g6 Qc6+ 0-1

[Event "XIII American Continental"]
[Site "Montevideo URU"]
[Date "2018.06.03"]
[Round "3"]
[White "Ferrari, Carlos"]
[Black "Aprahamian, Tomas"]
[Result "1/2-1/2"]
[WhiteElo "1703"]
[BlackElo "1399"]
[EventDate "2018.06.01"]
[PlyCount "81"]

1.f4 d5 2.Nf3 e6 3.g3 Nf6 4.Bg2 Be7 5.O-O O-O 6.d3 c5 7.Qe1 b6 8.Nbd2 Bb7 
9.Ne5 Nc6 10.a3 Nd4 11.Qd1 Nf5 12.Ndf3 d4 13.g4 Nd6 14.e4 dxe3 15.Bxe3 Nd5
16.Bd2 b5 17.Ne1 f6 18.N5f3 c4 19.Qe2 Qd7 20.d4 Rac8 21.c3 Bc6 22.Nc2 a5 
23.Rae1 Kf7 24.g5 Rfe8 25.gxf6 Bxf6 26.Ne5+ Bxe5 27.fxe5+ Nf5 28.Qh5+ Kg8 
29.Be4 Nde7 30.Rf3 Bxe4 31.Rxe4 Qb7 32.Re2 Nd5 33.Rh3 g6 34.Rg2 Qg7 35.Qg5
Qe7 36.Qg4 Rf8 37.Ne3 Ndxe3 38.Bxe3 Nxe3 39.Rxe3 Rf5 40.h3 Rcf8 41.Kh2 
1/2-1/2

[Event "XIII American Continental"]
[Site "Montevideo URU"]
[Date "2018.06.03"]
[Round "3"]
[White "Gomes, Marco Tulio Caldeira"]
[Black "Shih Ferreira, Yin Chieh"]
[Result "1-0"]
[WhiteElo "1692"]
[BlackElo "1378"]
[EventDate "2018.06.01"]
[PlyCount "63"]

1.c4 c6 2.e4 d5 3.exd5 cxd5 4.d4 e6 5.Nc3 Nf6 6.Nf3 Nc6 7.Bd3 Be7 8.O-O a6
9.a3 dxc4 10.Bxc4 b5 11.Ba2 O-O 12.Bg5 Ra7 13.Be3 Rd7 14.Qe2 Bb7 15.Rfd1 
Re8 16.Rac1 Bf8 17.Qc2 b4 18.Nb1 bxa3 19.bxa3 Na7 20.Ne5 Be4 21.Qa4 Rd6 
22.Nc4 Rc6 23.d5 exd5 24.Bxa7 Qa8 25.Nb6 Qxa7 26.Qxc6 Re6 27.Nc8 Qb8 28.
Qc3 Ng4 29.Qg3 Qb2 30.Nc3 Qb7 31.Nxe4 Rxe4 32.Bxd5 1-0

[Event "XIII American Continental"]
[Site "Montevideo URU"]
[Date "2018.06.03"]
[Round "3"]
[White "Kulik, Nicolas"]
[Black "Solari, Pablo"]
[Result "0-1"]
[WhiteElo "1367"]
[BlackElo "1678"]
[EventDate "2018.06.01"]
[PlyCount "84"]

1.d4 e5 2.c4 Bb4+ 3.Nc3 Nc6 4.Nf3 e4 5.Ng5 Nf6 6.d5 Ne5 7.Qd4 d6 8.Nxe4 
Nxe4 9.Qxe4 Bxc3+ 10.bxc3 O-O 11.e3 b6 12.Rb1 Ba6 13.Rb4 Bb7 14.Ra4 Qd7 
15.Rb4 a5 16.Rb1 Ba6 17.f4 f5 18.Qd4 Ng4 19.h3 Nf6 20.Bd3 Rae8 21.Bd2 Re7 
22.Rf1 Rfe8 23.Rf3 Ne4 24.Ke2 Rf8 25.Rg1 Rf6 26.g3 h5 27.h4 Rf8 28.Rgf1 
Rfe8 29.Rg1 Nc5 30.Be1 Nxd3 31.Kxd3 Re4 32.Kd2 Rxd4+ 33.cxd4 Bxc4 34.Bf2 
Qa4 35.Rc1 Qb4+ 36.Rc3 Bxd5 37.e4 Rxe4 38.Re3 Qb2+ 39.Rc2 Qxd4+ 40.Rd3 
Qxf2+ 41.Kc3 Rc4+ 42.Kb3 Qxc2+ 0-1

[Event "XIII American Continental"]
[Site "Montevideo URU"]
[Date "2018.06.03"]
[Round "4"]
[White "Moradiabadi, Elshan"]
[Black "Xiong, Jeffery"]
[Result "1/2-1/2"]
[WhiteElo "2549"]
[BlackElo "2656"]
[EventDate "2018.06.01"]
[PlyCount "56"]

1.Nf3 c5 2.e4 d6 3.d4 cxd4 4.Nxd4 Nf6 5.Nc3 a6 6.Be2 e5 7.Nf3 Be7 8.Bg5 
Nbd7 9.a4 O-O 10.Nd2 d5 11.exd5 Nxd5 12.Bxe7 Nxe7 13.O-O Nc6 14.Nb3 Nf6 
15.Bf3 Qc7 16.Re1 Nb4 17.Qe2 Be6 18.Rac1 Rac8 19.Nd2 Nd7 20.Qe4 Nc6 21.Qh4
Nd4 22.Be4 h6 23.Nf3 Qb6 24.Nxd4 exd4 25.Ne2 Nf6 26.Bd3 Rfd8 27.b3 Qc5 28.
h3 Bd7 1/2-1/2

[Event "XIII American Continental"]
[Site "Montevideo URU"]
[Date "2018.06.03"]
[Round "4"]
[White "Alonso, Salvador"]
[Black "Erenburg, Sergey"]
[Result "1/2-1/2"]
[WhiteElo "2519"]
[BlackElo "2563"]
[EventDate "2018.06.01"]
[PlyCount "34"]

1.e4 c6 2.d4 d5 3.Nd2 dxe4 4.Nxe4 Bf5 5.Ng3 Bg6 6.h4 h6 7.Nf3 Nd7 8.h5 Bh7
9.Bd3 Bxd3 10.Qxd3 e6 11.Bd2 Ngf6 12.O-O-O Bd6 13.Ne4 Nxe4 14.Qxe4 Nf6 15.
Qe2 Bc7 16.Kb1 Qd5 17.Ne5 Qe4 1/2-1/2

[Event "XIII American Continental"]
[Site "Montevideo URU"]
[Date "2018.06.03"]
[Round "4"]
[White "Cori Tello, Jorge"]
[Black "Morovic Fernandez, Ivan"]
[Result "1-0"]
[WhiteElo "2659"]
[BlackElo "2513"]
[EventDate "2018.06.01"]
[PlyCount "145"]

1.d4 Nf6 2.c4 e6 3.Nf3 d5 4.Nc3 Be7 5.Bg5 O-O 6.e3 h6 7.Bxf6 Bxf6 8.Qc2 c5
9.dxc5 dxc4 10.Bxc4 Qa5 11.O-O Qxc5 12.Ne4 Qe7 13.Rfd1 a6 14.Rac1 Nc6 15.
Bb3 Na5 16.Nxf6+ Qxf6 17.Qc7 Nxb3 18.axb3 e5 19.Qxe5 Qxe5 20.Nxe5 Be6 21.
b4 Rfc8 22.h3 Bb3 23.Rxc8+ Rxc8 24.Rd3 Rc1+ 25.Kh2 Be6 26.Rd2 Ra1 27.g4 g5
28.Kg2 Ra4 29.Rd4 Ra2 30.Nd3 b5 31.Nc5 Rxb2 32.Nxa6 Bc4 33.Kg3 Kg7 34.Rd6 
Rb1 35.Rd2 Rg1+ 36.Kh2 Ra1 37.Nb8 Rb1 38.Nc6 Be6 39.Rd4 Kf6 40.Rd6 Rb2 41.
Kg3 Rb3 42.Rd1 Kg6 43.Rd6 Kf6 44.h4 Rb1 45.hxg5+ hxg5 46.f4 gxf4+ 47.exf4 
Kg7 48.f5 Bc4 49.Kg2 Rb2+ 50.Kf3 Rb1 51.Kf2 f6 52.Kg2 Rb2+ 53.Kg3 Rb3+ 54.
Kh4 Rb1 55.Nb8 Kf7 56.Rb6 Rh1+ 57.Kg3 Rd1 58.Nc6 Rg1+ 59.Kf4 Rf1+ 60.Ke3 
Rg1 61.Nd4 Rxg4 62.Nxb5 Bxb5 63.Rxb5 Ke7 64.Rb6 Kd7 65.b5 Rb4 66.Kf3 Kc7 
67.Rxf6 Rxb5 68.Kf4 Kd7 69.Re6 Rb1 70.Kg5 Rg1+ 71.Kf6 Rh1 72.Re4 Rf1 73.
Kg6 1-0

[Event "XIII American Continental"]
[Site "Montevideo URU"]
[Date "2018.06.03"]
[Round "4"]
[White "Cori Quispe, Kevin Joel"]
[Black "Shankland, Samuel"]
[Result "0-1"]
[WhiteElo "2468"]
[BlackElo "2717"]
[EventDate "2018.06.01"]
[PlyCount "66"]

1.e4 c6 2.d4 d5 3.e5 Bf5 4.Nf3 e6 5.Be2 Ne7 6.O-O h6 7.Nbd2 Nd7 8.a4 Qc7 
9.Nb3 O-O-O 10.a5 a6 11.Ne1 f6 12.f4 g5 13.Nd3 Bg7 14.Nbc5 Nxc5 15.Nxc5 
gxf4 16.exf6 Bxf6 17.Bxf4 e5 18.Bg3 Rdg8 19.Rxf5 Nxf5 20.Bg4 Qh7 21.Qf3 
Rxg4 22.Qxg4 Rg8 23.Qh3 e4 24.c3 h5 25.Rf1 Rg4 26.Ne6 Bg5 27.Be5 Qg6 28.
Nxg5 Qxg5 29.b3 Kd7 30.c4 c5 31.dxc5 d4 32.b4 Ke6 33.Bc7 d3 0-1

[Event "XIII American Continental"]
[Site "Montevideo URU"]
[Date "2018.06.03"]
[Round "4"]
[White "Sosa, Tomas"]
[Black "Cordova Daza, Emilio"]
[Result "1/2-1/2"]
[WhiteElo "2453"]
[BlackElo "2621"]
[EventDate "2018.06.01"]
[PlyCount "66"]

1.e4 d5 2.exd5 Qxd5 3.Nc3 Qd6 4.d4 Nf6 5.Nb5 Qd8 6.c4 c6 7.Nc3 Bf5 8.Nf3 
e6 9.Be2 Bd6 10.Qb3 Qc8 11.Be3 Nbd7 12.h3 O-O 13.Nh4 Bg6 14.Nxg6 hxg6 15.
O-O Re8 16.Rad1 a6 17.Bf3 Qc7 18.Ne4 Nxe4 19.Bxe4 Nf6 20.Bf3 Qd7 21.Qc3 
Rac8 22.Rd3 Qe7 23.Rfd1 Bb8 24.g3 e5 25.dxe5 Bxe5 26.Bd4 Qc7 27.Bxe5 Rxe5 
28.Rd8+ Rxd8 29.Rxd8+ Qxd8 30.Qxe5 Qd3 31.Kg2 Qxc4 32.Qb8+ Kh7 33.Qxb7 
Qxa2 1/2-1/2

[Event "XIII American Continental"]
[Site "Montevideo URU"]
[Date "2018.06.03"]
[Round "4"]
[White "Flores, Diego"]
[Black "Hoffman, Alejandro"]
[Result "1-0"]
[WhiteElo "2614"]
[BlackElo "2475"]
[EventDate "2018.06.01"]
[PlyCount "87"]

1.Nf3 d5 2.g3 g6 3.Bg2 Bg7 4.O-O e5 5.d3 Ne7 6.e4 O-O 7.c3 a5 8.a4 Nbc6 9.
Na3 h6 10.exd5 Nxd5 11.Nc4 Re8 12.Re1 Bf5 13.Qb3 Nb6 14.Nxb6 cxb6 15.Be3 
Qxd3 16.Qxb6 Qd7 17.Rad1 Qc8 18.Nd2 Bg4 19.Rc1 Ra6 20.Qc5 Bf8 21.Qb5 Bd7 
22.Qe2 f5 23.Nc4 Qc7 24.Bd5+ Kh7 25.Rcd1 Nd8 26.b3 Bg7 27.Qd2 Re7 28.Na3 
Be6 29.Nb5 Qb8 30.Bg2 Nf7 31.c4 e4 32.f3 exf3 33.Bxf3 Ne5 34.Bg2 Ng4 35.
Bf4 Qc8 36.Bf3 Rd7 37.Qe2 Qc5+ 38.Kg2 g5 39.Bd6 Raxd6 40.Rxd6 Rxd6 41.Nxd6
Ne5 42.Rd1 b6 43.g4 fxg4 44.Bd5 1-0

[Event "XIII American Continental"]
[Site "Montevideo URU"]
[Date "2018.06.03"]
[Round "4"]
[White "Cruz Sanchez, Cristhian"]
[Black "Vazquez Colman, Guillermo"]
[Result "1-0"]
[WhiteElo "2576"]
[BlackElo "2436"]
[EventDate "2018.06.01"]
[PlyCount "71"]

1.Nf3 d5 2.c4 e6 3.e3 Nf6 4.b3 b6 5.Bb2 Bb7 6.cxd5 exd5 7.Bb5+ c6 8.Be2 
Bd6 9.O-O Nbd7 10.Nc3 O-O 11.Rc1 Qe7 12.Rc2 a6 13.Qa1 b5 14.d4 Rae8 15.Nd2
h5 16.Qd1 h4 17.Bf3 Bb8 18.Re1 Nh7 19.e4 Ng5 20.e5 h3 21.Nf1 f6 22.e6 hxg2
23.Ng3 Qd6 24.Bg4 f5 25.exd7 Rxe1+ 26.Qxe1 fxg4 27.Qe8 Bc7 28.Kxg2 Nf3 29.
Re2 Nxd4 30.Nxb5 cxb5 31.Bxd4 Bc6 32.Qe7 Qxe7 33.Rxe7 Rf7 34.Re8+ Rf8 35.
Rc8 Bxg3 36.Rxf8+ 1-0

[Event "XIII American Continental"]
[Site "Montevideo URU"]
[Date "2018.06.03"]
[Round "4"]
[White "Escalante Ramirez, Brian Sebastian"]
[Black "Liang, Awonder"]
[Result "1/2-1/2"]
[WhiteElo "2422"]
[BlackElo "2571"]
[EventDate "2018.06.01"]
[PlyCount "118"]

1.e4 e5 2.Nf3 Nc6 3.Bc4 Bc5 4.c3 Nf6 5.d3 d6 6.Nbd2 O-O 7.O-O Bb6 8.h3 Ne7
9.Bb3 c6 10.Re1 Ng6 11.d4 exd4 12.cxd4 d5 13.exd5 cxd5 14.Nb1 Ne4 15.Nc3 
Ba5 16.Re3 Nxc3 17.bxc3 Be6 18.Ng5 Qxg5 19.Rxe6 Qf5 20.Re3 Rfe8 21.c4 dxc4
22.Bxc4 Rxe3 23.Bxe3 Rd8 24.Rb1 Bb6 25.Rb5 Qe4 26.Qb3 Rd7 27.a4 Qc6 28.d5 
Qf6 29.Bxb6 axb6 30.Rxb6 Qd4 31.Bf1 h6 32.Rxb7 Rxd5 33.Bc4 Qd1+ 34.Qxd1 
Rxd1+ 35.Kh2 Ne5 36.Bb3 Rf1 37.Re7 Re1 38.Kg3 g5 39.a5 Kf8 40.Ra7 Ra1 41.
Bd5 Rd1 42.Be4 Rd4 43.f3 Kg7 44.a6 Ra4 45.Ra8 Ng6 46.Kf2 Nf4 47.g3 Nxh3+ 
48.Ke3 h5 49.Bc6 Ra1 50.Bd7 Ra3+ 51.Kd4 Nf2 52.Bc6 h4 53.gxh4 gxh4 54.Kc4 
h3 55.f4 h2 56.a7 f5 57.Bg2 h1=Q 58.Bxh1 Nxh1 59.Kb5 Ng3 1/2-1/2

[Event "XIII American Continental"]
[Site "Montevideo URU"]
[Date "2018.06.03"]
[Round "4"]
[White "Pichot, Alan"]
[Black "Panjwani, Raja"]
[Result "1/2-1/2"]
[WhiteElo "2564"]
[BlackElo "2456"]
[EventDate "2018.06.01"]
[PlyCount "51"]

1.e4 c5 2.Nf3 Nc6 3.d4 cxd4 4.Nxd4 g6 5.c4 Bg7 6.Be3 Nf6 7.Nc3 Ng4 8.Qxg4 
Nxd4 9.Qd1 e5 10.Bd3 d6 11.O-O O-O 12.Qd2 Be6 13.b3 a6 14.Ne2 b5 15.cxb5 
axb5 16.Qb4 d5 17.Bxd4 exd4 18.Nf4 dxe4 19.Nxe6 fxe6 20.Bxe4 Qa5 21.Qe7 
Rfe8 22.Qg5 b4 23.Qg4 Rac8 24.Bd3 Rc3 25.Bc4 Qf5 26.Qxf5 1/2-1/2

[Event "XIII American Continental"]
[Site "Montevideo URU"]
[Date "2018.06.03"]
[Round "4"]
[White "Perez Ponsa, Federico"]
[Black "Quintiliano Pinto, Renato Rodrigues"]
[Result "1/2-1/2"]
[WhiteElo "2556"]
[BlackElo "2423"]
[EventDate "2018.06.01"]
[PlyCount "59"]

1.e4 c5 2.Nf3 d6 3.d4 cxd4 4.Nxd4 Nf6 5.Nc3 a6 6.a3 g6 7.f3 Bg7 8.Be3 O-O 
9.Qd2 b5 10.O-O-O Bb7 11.Bh6 Nbd7 12.h4 Bxh6 13.Qxh6 e5 14.Nb3 Ne8 15.g3 
Qe7 16.Na5 Ndf6 17.Nxb7 Qxb7 18.h5 Qe7 19.g4 Nc7 20.Rd2 Rfd8 21.Bd3 Qf8 
22.Qg5 Qe7 23.Qh6 Qf8 24.Qe3 Ne6 25.hxg6 fxg6 26.g5 Nh5 27.Nd5 Nef4 28.
Rdh2 Nxd5 29.exd5 Rd7 30.Kb1 1/2-1/2

[Event "XIII American Continental"]
[Site "Montevideo URU"]
[Date "2018.06.03"]
[Round "4"]
[White "Mekhitarian, Krikor Sevag"]
[Black "Fernandez Cardoso, Alexey"]
[Result "1/2-1/2"]
[WhiteElo "2546"]
[BlackElo "2429"]
[EventDate "2018.06.01"]
[PlyCount "65"]

1.Nf3 Nf6 2.g3 g6 3.b3 Bg7 4.Bb2 O-O 5.Bg2 d6 6.d4 c6 7.O-O Nbd7 8.Nbd2 
Re8 9.a4 Qc7 10.e4 e5 11.dxe5 dxe5 12.a5 Nc5 13.Qe2 Bg4 14.h3 Bxf3 15.Bxf3
Ne6 16.c3 Rad8 17.Rfd1 Bf8 18.b4 b5 19.axb6 axb6 20.h4 b5 21.Nb3 Nd7 22.c4
Bxb4 23.cxb5 c5 24.Rac1 Qb8 25.Bg4 Nd4 26.Bxd4 cxd4 27.Bxd7 Rxd7 28.Qc4 
Rb7 29.Nxd4 exd4 30.Qxb4 Rxe4 31.Rxd4 Rxd4 32.Qxd4 Rxb5 33.Rd1 1/2-1/2

[Event "XIII American Continental"]
[Site "Montevideo URU"]
[Date "2018.06.03"]
[Round "4"]
[White "Pierrot, Facundo"]
[Black "Di Berardino, Diego Rafael"]
[Result "0-1"]
[WhiteElo "2392"]
[BlackElo "2525"]
[EventDate "2018.06.01"]
[PlyCount "58"]

1.e4 c5 2.Nf3 d6 3.Bb5+ Nd7 4.c3 Nf6 5.Qe2 a6 6.Ba4 b5 7.Bc2 Bb7 8.d3 e5 
9.O-O g6 10.d4 Bg7 11.dxe5 dxe5 12.c4 b4 13.Nbd2 O-O 14.Rd1 Qc7 15.Nf1 Bc6
16.N3d2 Nh5 17.g3 Bh6 18.Ne3 Ng7 19.Nf3 Bxe3 20.Qxe3 Ne6 21.Qh6 f6 22.Qh3 
Nd4 23.Nxd4 cxd4 24.Bh6 Rfe8 25.f3 Nc5 26.Qh4 Qf7 27.b3 g5 28.Qh3 Bd7 29.
g4 Ne6 0-1

[Event "XIII American Continental"]
[Site "Montevideo URU"]
[Date "2018.06.03"]
[Round "4"]
[White "Thavandiran, Shiyam"]
[Black "Henriquez Villagra, Cristobal"]
[Result "1-0"]
[WhiteElo "2417"]
[BlackElo "2518"]
[EventDate "2018.06.01"]
[PlyCount "119"]

1.e4 c6 2.d4 d5 3.Nd2 dxe4 4.Nxe4 Nd7 5.Bc4 e6 6.Nf3 Ngf6 7.Nxf6+ Nxf6 8.
Qe2 Bd6 9.Bg5 Qc7 10.O-O Ng4 11.h3 h6 12.Bd2 Nf6 13.Rfe1 O-O 14.Ne5 c5 15.
dxc5 Qxc5 16.Bd3 Rd8 17.Rad1 Bd7 18.Ng4 Nxg4 19.Qxg4 h5 20.Qe4 g6 21.Bc3 
Bc6 22.Qh4 Be7 23.Qf4 Qg5 24.Qxg5 Bxg5 25.Be5 Rd7 26.Be2 Bd2 27.Rf1 Kf8 
28.Bf6 Ke8 29.Bd3 Bb4 30.Be2 Bd2 31.g4 hxg4 32.hxg4 Rc8 33.f3 Be3+ 34.Kg2 
Ba4 35.Rxd7 Kxd7 36.Rd1+ Kc7 37.b3 Bc6 38.Rh1 Kd6 39.Rh7 Rc7 40.Rh8 Rd7 
41.Bd3 Kc5 42.a3 a6 43.Kg3 Bc1 44.a4 Be3 45.Bc3 Kd6 46.Rh1 f5 47.Re1 Rf7 
48.f4 Bc5 49.b4 Ba7 50.b5 axb5 51.axb5 Bd7 52.Be5+ Ke7 53.Rh1 Be8 54.c4 
Bc5 55.g5 Rf8 56.Be2 Bf7 57.Bf3 b6 58.Bf6+ Kd7 59.Bc6+ Kc7 60.Ra1 1-0

[Event "XIII American Continental"]
[Site "Montevideo URU"]
[Date "2018.06.03"]
[Round "4"]
[White "Bick, Gabriel"]
[Black "Vera Siguenas, Deivy"]
[Result "1-0"]
[WhiteElo "2391"]
[BlackElo "2516"]
[EventDate "2018.06.01"]
[PlyCount "105"]

1.e4 e5 2.Nf3 Nc6 3.Bc4 Nf6 4.d3 Be7 5.O-O O-O 6.Re1 d6 7.a4 Kh8 8.a5 a6 
9.Nc3 Ng8 10.h3 f5 11.Nd5 Bf6 12.b4 Nce7 13.Nxf6 Nxf6 14.d4 Nxe4 15.Bb2 d5
16.Bb3 Nc6 17.Nxe5 Nxe5 18.dxe5 Be6 19.Qd4 Qe8 20.f3 Ng5 21.Bc1 Qg6 22.
Bxg5 Qxg5 23.f4 Qe7 24.Red1 c6 25.Qc5 Qxc5+ 26.bxc5 Rfd8 27.Rab1 Rd7 28.
Ba2 Re8 29.Rd4 Kg8 30.Kf2 Kf7 31.Ke3 Rc8 32.Rf1 Ke7 33.c3 Rf8 34.Bb1 Kd8 
35.Bd3 Rff7 36.g4 g6 37.g5 h5 38.h4 Kc8 39.Rd1 Rf8 40.Be2 Kd8 41.Kd2 Ke7 
42.Kc2 Rc8 43.Kb3 Kf7 44.Kb4 Ke7 45.Bd3 Kf7 46.Bb1 Ke7 47.Ba2 Rb8 48.Ka3 
Rc8 49.Rb4 Kf7 50.Rdd4 Ke7 51.Rb6 Rdc7 52.Rdb4 Rb8 53.Rxa6 1-0

[Event "XIII American Continental"]
[Site "Montevideo URU"]
[Date "2018.06.03"]
[Round "4"]
[White "Hungaski, Robert"]
[Black "De Dovitiis, Alejo"]
[Result "1/2-1/2"]
[WhiteElo "2510"]
[BlackElo "2343"]
[EventDate "2018.06.01"]
[PlyCount "61"]

1.Nf3 Nf6 2.c4 e6 3.g3 d5 4.b3 Be7 5.Bg2 O-O 6.O-O c5 7.Bb2 Nc6 8.cxd5 
Nxd5 9.d4 cxd4 10.Nxd4 Nxd4 11.Qxd4 Bf6 12.Qd2 Nf4 13.gxf4 Qxd2 14.Nxd2 
Bxb2 15.Rad1 Rb8 16.Nc4 Bf6 17.Rd2 Rd8 18.Rfd1 Rxd2 19.Rxd2 Be7 20.Bf3 Kf8
21.Kg2 f6 22.Na5 Ke8 23.Rd4 Bd8 24.b4 Bb6 25.Rd3 Bxa5 26.bxa5 b6 27.Rc3 
Kd8 28.Rd3+ Kc7 29.Rc3+ Kd8 30.Rd3+ Kc7 31.Re3 1/2-1/2

[Event "XIII American Continental"]
[Site "Montevideo URU"]
[Date "2018.06.03"]
[Round "4"]
[White "Terry Lujan, Renato Alfredo"]
[Black "Pacheco, Daniel"]
[Result "1-0"]
[WhiteElo "2503"]
[BlackElo "2256"]
[EventDate "2018.06.01"]
[PlyCount "133"]

1.Nf3 b6 2.e4 Bb7 3.Nc3 e6 4.d4 Bb4 5.e5 d5 6.h4 Ne7 7.Bd3 Qd7 8.O-O Bxc3 
9.bxc3 Qa4 10.Bg5 h6 11.Bxe7 Kxe7 12.Rb1 Nc6 13.Bb5 Qa5 14.Rb3 a6 15.Bd3 
Qa4 16.Qc1 Na5 17.Rb4 Qxa2 18.Nd2 Nc4 19.Nxc4 dxc4 20.Bxc4 Qa5 21.Qb2 b5 
22.Bxb5 Bxg2 23.Kxg2 axb5 24.Rxb5 Qa3 25.Qb4+ Kd7 26.Rd1 Ra4 27.Qb3 Rha8 
28.Rc5 Qxb3 29.cxb3 Ra2 30.Rd3 R8a7 31.Rg3 g6 32.Rf3 Ke7 33.b4 h5 34.b5 
Rb2 35.c4 Re2 36.Rf4 Kf8 37.Rc6 Kg7 38.Kf1 Rb2 39.Rc5 Rb1+ 40.Kg2 Re1 41.
Rc6 Rb1 42.d5 exd5 43.Rcf6 dxc4 44.Rxf7+ Kh6 45.Re7 Ra8 46.Rxc4 Rxb5 47.
Rcxc7 Rh8 48.f4 Rb2+ 49.Kf3 Rb3+ 50.Kf2 Rb2+ 51.Ke3 Rb3+ 52.Ke2 Rb2+ 53.
Kd3 Rb3+ 54.Kd2 Rb2+ 55.Kc3 Rh2 56.e6 Rxh4 57.Rf7 Rh1 58.Kd2 Ra1 59.e7 Re8
60.Rc6 Ra5 61.f5 Kg5 62.f6 Raa8 63.Rh7 Ra2+ 64.Kd3 Rf2 65.Rf7 Ra2 66.Rf8 
Raa8 67.Rxe8 1-0

[Event "XIII American Continental"]
[Site "Montevideo URU"]
[Date "2018.06.03"]
[Round "4"]
[White "Mareco, Sandro"]
[Black "Jodorcovsky Werjivker, Paulo"]
[Result "1-0"]
[WhiteElo "2643"]
[BlackElo "2249"]
[EventDate "2018.06.01"]
[PlyCount "73"]

1.Nf3 d5 2.c4 e6 3.g3 dxc4 4.Bg2 c6 5.a4 Nd7 6.Qc2 Ngf6 7.Qxc4 Bd6 8.a5 a6
9.d3 O-O 10.Nbd2 e5 11.O-O Qe7 12.Qc2 Nc5 13.Nc4 Bg4 14.b3 Ncd7 15.Nxd6 
Qxd6 16.Ba3 c5 17.Rfc1 Rfc8 18.Qb2 Rab8 19.b4 b6 20.axb6 Qxb6 21.Qd2 cxb4 
22.Rxc8+ Rxc8 23.Qxb4 Qxb4 24.Bxb4 h6 25.h3 Be6 26.Rxa6 Rc1+ 27.Kh2 Rc2 
28.Nd2 Nd5 29.Ba5 Nc5 30.Rc6 Rc1 31.Nc4 Nb3 32.Nxe5 Ra1 33.Bd8 Ra2 34.e4 
Rxf2 35.Kg1 Re2 36.exd5 Rxg2+ 37.Kxg2 1-0

[Event "XIII American Continental"]
[Site "Montevideo URU"]
[Date "2018.06.03"]
[Round "4"]
[White "El Debs, Felipe De Cresce"]
[Black "Vergara Jofre, Felipe"]
[Result "1-0"]
[WhiteElo "2537"]
[BlackElo "2245"]
[EventDate "2018.06.01"]
[PlyCount "111"]

1.Nf3 d5 2.d4 Nf6 3.c4 e6 4.g3 dxc4 5.Bg2 Nbd7 6.O-O Be7 7.Qa4 a6 8.Qxc4 
b5 9.Qc6 Ra7 10.Bg5 Bb7 11.Qc2 c5 12.Bxf6 gxf6 13.Rd1 Qa8 14.Nc3 O-O 15.
Ne1 Bxg2 16.Nxg2 b4 17.Ne4 Rc8 18.Nxc5 Nxc5 19.dxc5 Rxc5 20.Qd2 Rd5 21.Qh6
Rad7 22.Rxd5 Qxd5 23.Ne3 Qg5 24.Qxg5+ fxg5 25.Rc1 Rd2 26.Rc2 Rxc2 27.Nxc2 
Bc5 28.g4 f5 29.h3 Kf7 30.Ne1 a5 31.b3 Kf6 32.Nd3 Bb6 33.Kg2 e5 34.Nb2 e4 
35.Nc4 Bc7 36.Ne3 Ke5 37.Nxf5 h5 38.e3 hxg4 39.hxg4 Bb6 40.Kf1 Bc5 41.Ke2 
Kd5 42.Ng3 Bd6 43.Nf1 Be7 44.Nd2 Bd8 45.f3 exf3+ 46.Kxf3 Bc7 47.Ke2 Bb6 
48.Kd3 Bd8 49.Nf3 Be7 50.Nd4 Bd8 51.e4+ Kd6 52.Kc4 Bf6 53.Nf3 Bd8 54.e5+ 
Ke6 55.Kd4 Be7 56.Ke4 1-0

[Event "XIII American Continental"]
[Site "Montevideo URU"]
[Date "2018.06.03"]
[Round "4"]
[White "Rodriguez Vila, Andres"]
[Black "Benoit, Rodrigo"]
[Result "1-0"]
[WhiteElo "2483"]
[BlackElo "2238"]
[EventDate "2018.06.01"]
[PlyCount "115"]

1.e4 e5 2.Nf3 Nc6 3.Bc4 Bc5 4.O-O Nf6 5.d3 O-O 6.a4 a5 7.c3 Be7 8.Re1 d6 
9.Nbd2 h6 10.Qb3 Nd7 11.d4 Bf6 12.d5 Ne7 13.Bf1 g6 14.h4 Bg7 15.h5 Kh7 16.
hxg6+ fxg6 17.Nc4 Ng8 18.Qc2 Ndf6 19.b4 axb4 20.cxb4 Ng4 21.Ra3 Rf7 22.g3 
b6 23.Bg2 Qf8 24.Rc3 N8f6 25.Rf1 Bd7 26.Nb2 Ne8 27.Bd2 Ra7 28.Ra1 Nef6 29.
Be1 Qa8 30.Nd2 Ne8 31.f3 Ngf6 32.Bf2 h5 33.Rca3 Bh6 34.Nf1 Kg7 35.Nc4 Rb7 
36.a5 Qb8 37.axb6 cxb6 38.Nxb6 Bb5 39.Ra8 Qc7 40.Qxc7 Rfxc7 41.Rd8 Bg5 42.
Rc8 Rxc8 43.Nxc8 Bd7 44.Nb6 Bb5 45.Ra5 Nc7 46.Nc8 Nfe8 47.Ra7 Ba6 48.Rxb7 
Bxb7 49.Na7 Ba6 50.Bb6 Bc1 51.Bh3 Nb5 52.Bd7 Nxa7 53.Bxa7 Kf7 54.b5 Bb7 
55.Bc6 Bxc6 56.dxc6 Ba3 57.Kg2 Ke7 58.b6 1-0

[Event "XIII American Continental"]
[Site "Montevideo URU"]
[Date "2018.06.03"]
[Round "4"]
[White "Salinas Herrera, Pablo"]
[Black "Teixeira, Ricardo da Silva"]
[Result "0-1"]
[WhiteElo "2463"]
[BlackElo "2235"]
[EventDate "2018.06.01"]
[PlyCount "126"]

1.d4 e6 2.e4 d5 3.Nc3 Bb4 4.Ne2 b6 5.a3 Be7 6.exd5 exd5 7.g3 Nf6 8.Bg2 c6 
9.h3 O-O 10.O-O a5 11.Nf4 Nbd7 12.Nd3 Bd6 13.Bf4 Bxf4 14.Nxf4 Ba6 15.Re1 
Qc7 16.b4 b5 17.Nb1 a4 18.Qf3 Rae8 19.Nd2 Bc8 20.Qc3 Qd6 21.Nd3 Nb6 22.Ne5
Bb7 23.Re2 Re7 24.Qc5 Nc8 25.Rae1 Rfe8 26.Bf3 Qc7 27.Kg2 Nd6 28.Qc3 Nfe4 
29.Bxe4 dxe4 30.Qc5 f6 31.Ng4 Qd7 32.Ne3 Bc8 33.Qh5 Nf7 34.c3 f5 35.Kg1 g6
36.Qh4 Re6 37.Qf4 R6e7 38.g4 Qd6 39.Qxd6 Nxd6 40.gxf5 gxf5 41.Ng2 Be6 42.
Nf4 Kf7 43.Kh2 Bd5 44.Re3 Rg8 45.Ra1 Ree8 46.Nf1 Nc4 47.Re2 Kf6 48.Ne3 Bf7
49.Nxc4 Bxc4 50.Re3 Kg5 51.Kg3 h5 52.h4+ Kh6+ 53.Kh2 Rg4 54.Nh3 f4 55.f3 
fxe3 56.fxg4 Rf8 57.g5+ Kg6 58.Kg3 Rf3+ 59.Kg2 e2 60.Nf2 Rf4 61.Kg3 Kf5 
62.Kg2 e3 63.Nh1 Bd5+ 0-1